00393nam a2200157Ia 450000500170000000800410001704000190005804100120007708200170008910000260010624500430013226000240017530000160019965000100021585000100022520240902113159.0131103s9999 xx 000 0 und d aLoreto College aEnglish a891.433bVAN aBanprasthi, Prananath aSaral mahabharatcPrananath Banprasthi aDelhibRajpalc1976 a88p.b pic. aHindi aLCBED